Statistiques concernant Calcul mental rapide - départements

Cliquez ici pour prendre le quiz!

Statistiques générales

  • Ce quiz a été pris 429 fois
  • Le résultat moyen est 11 sur 20

Statistiques - réponses

CalculRéponse% Correct
Ain * SartheSarthe
88%
Gard + HéraultPyrénées-Atlantiques
73%
Somme + AinTarn
70%
Finistère - Côtes d'ArmorArdèche
66%
Doubs * AllierParis
66%
Essonne - YvelinesBouches-du-Rhône
59%
Manche / AubeHautes-Alpes
59%
Aude * ArdennesVosges
59%
Nord + DordogneVar
55%
Rhône - IsèreHaute-Garonne
54%
Loiret - CherEure
52%
Corrèze + CreuseLoire
52%
Hérault * AisneHaut-Rhin
51%
Gironde + LandesSavoie
50%
Cantal * Alpes MaritimesTerritoire de Belfort
50%
Vaucluse / ArdècheAveyron
38%
Mayenne + CalvadosBas-Rhin
38%
Oise / CantalAlpes-de-Haute-Provence
37%
Deux Sèvres - Ille et VilaineLoire-Atlantique
33%
Martinique / EureIndre
16%

Distribution des résultats

Percentile par nombre de réponses

% des personnes avec chaque résultat

Votre développement - résultats

Vous n’avez pas pris ce quiz